01697nam a2200361 u 450000100070000000500170000700800410002403500110006504000130007604100080008908200080009710000450010524501480015026000430029830000180034152004760035961000290083565000220086465000420088665000080092865000310093665000310096765000320099865000530103065000520108365000390113565000260117465000350120070000330123570000470126850200120131552600080132770985120260506091843.0011130s2001 ||||||m| spa  a709851 ccomduadb aspa 4a00510aAtehortua Duque, Nancy Critina4auteaut10aBusqueda de patrones de acceso en la web, aplicada a la disminucion de la carga del canal de conexion a Internet de la Universidad de Antioquia aMedellín :b[sin publicador],c2001. a147 páginas3 aEn este proyecto se realiza un estudio teorico para implementar una VPN (Virtual Private Networks) movil que permita conectar un dispositivo movil que utilice GSM / GPRS como medio físico de acceso con una Red de Area Local (LAN). En la primera parte del documento se hace una revision de la arquitectura de GSM y su integracion con GPRS, luego se introduce el tema de las VPNs y finalmente se describe la arquitectura de una VPN utilizando la infraestructura de GPRS.24aUniversidad de Antioquia aAcceso a internet aServidor de informacion para internet aWEB 7aMinería de datos2armarc aCanales Activos (Internet) 7aTelefonía móvil2armarc aGSM (Sistema global de comunicaciones móviles) aGPRS (Tecnología de comunicaciones móviles) aIPsec (Internet Protocol Security) aArquitectura de redes aVPN (Redes Privadas Virtuales)10aOrtega Lobo, Oscar4thseths10aMarín Marín, Denis Alexandra4auteaut b180c17 a182